Top 50 Most Streamed Songs from the 1960s - Statistics

General Stats
  • This quiz has been taken 32 times
  • The average score is 7 of 50
Answer Stats
Hint Answer % Correct
21 The Beatles - Yesterday
67%
3 The Beatles - Here Comes The Sun
41%
4 The Rolling Stones - Paint It, Black
41%
25 Aretha Franklin - Respect
37%
39 The Beatles - Twist And Shout
37%
17 The Rolling Stones - (I Can't Get No) Satisfaction
37%
16 The Beatles - Come Together
30%
49 Elvis Presley - Suspicious Minds
26%
29 Led Zeppelin - Whole Lotta Love
26%
9 The Animals - House Of The Rising Sun
26%
36 The Beach Boys - Wouldn't It Be Nice
26%
47 The Beatles - Blackbird
22%
11 The Mamas & The Papas - California Dreamin'
22%
8 The Temptations - My Girl
22%
12 Creedence Clearwater Revival - Bad Moon Rising
19%
1 Creedence Clearwater Revival - Fortunate Son
19%
2 Marvin Gaye - Ain't No Mountain High Enough
19%
28 The Rolling Stones - Gimme Shelter
19%
43 The Ronettes - Be My Baby
19%
10 Elvis Presley - Can't Help Falling in Love
15%
18 Neil Diamond - Sweet Caroline
15%
15 Otis Redding - (Sittin' On) the Dock of the Bay
15%
37 Steppenwolf - Born To Be Wild
15%
5 Van Morrison - Brown Eyed Girl
15%
6 Ben E. King - Stand By Me
11%
27 Louis Armstrong - What A Wonderful World
11%
35 Sam Cooke - (What A) Wonderful World
11%
44 The Turtles - Happy Together
11%
23 Buffalo Springfield - For What It's Worth
7%
20 Dean Martin - Let It Snow, Let It Snow, Let It Snow
7%
48 Frank Sinatra - My Way
7%
30 Roy Orbison - Oh, Pretty Woman
7%
24 Simon & Garfunkel - Mrs. Robinson
7%
13 The Jackson 5 - I Want You Back
7%
33 The Rolling Stones - Sympathy For The Devil
7%
14 Andy Williams - It's the Most Wonderful Time of the Year
4%
7 Brenda Lee - Rockin' Around The Christmas Tree
4%
31 Dusty Springfield - Son of a Preacher Man
4%
22 Frank Sinatra - Fly Me To The Moon (In Other Words)
4%
19 Jimi Hendrix - All Along the Watchtower
4%
32 Simon & Garfunkel - The Sound of Silence
4%
26 Aretha Franklin - I Say a Little Prayer
0%
40 Etta James - At Last
0%
38 Four Tops - I Can't Help Myself (Sugar Pie, Honey Bunch)
0%
46 Frankie Valli & The Four Seasons - December, 1963 (Oh What a Night!)
0%
41 Nat King Cole - The Christmas Song (Merry Christmas To You)
0%
42 Norman Greenbaum - Spirit In The Sky
0%
45 The Foundations - Build Me Up Buttercup
0%
50 The Monkees - I'm a Believer
0%
34 The Righteous Brothers - Unchained Melody
0%
No matching quizzes found
Score Distribution
Percent of People with Each Score
Percentile by Number Answered
Your Score History
You have not taken this quiz